Тепловая эффективность замены парового турбо-привода питательного насоса газотурбинным двигателем на энергоблоке АЭС сверхкритического давления; Теплофизические основы энергетических технологий

Détails bibliographiques
Parent link:Теплофизические основы энергетических технологий.— 2013.— [С. 116-119]
Auteur principal: Цибульский С. А. Святослав Анатольевич
Collectivité auteur: Национальный исследовательский Томский политехнический университет (ТПУ) Энергетический институт (ЭНИН) Кафедра атомных и тепловых электростанций (АТЭС)
Autres auteurs: Галашов Н. Н. Николай Никитович
Résumé:Заглавие с экрана
Langue:russe
Publié: 2013
Collection:Техническая теплофизика и атомная энергетика
Sujets:
Accès en ligne:http://earchive.tpu.ru/handle/11683/70166
http://www.lib.tpu.ru/fulltext/c/2013/C02/029.pdf
Format: MixedMaterials Électronique Chapitre de livre
KOHA link:https://koha.lib.tpu.ru/cgi-bin/koha/opac-detail.pl?biblionumber=607789

MARC

LEADER 00000naa2a2200000 4500
001 607789
005 20260312160352.0
035 |a (RuTPU)RU\TPU\conf\5195 
035 |a RU\TPU\conf\5194 
090 |a 607789 
100 |a 20140901d2013 k y0rusy50 ca 
101 0 |a rus 
102 |a RU 
135 |a drcn ---uucaa 
181 0 |a i  
182 0 |a b 
200 1 |a Тепловая эффективность замены парового турбо-привода питательного насоса газотурбинным двигателем на энергоблоке АЭС сверхкритического давления  |f С. А. Цибульский, Н. Н. Галашов 
203 |a Текст  |c электронный 
215 |a 1 файл (447 Кб) 
225 1 |a Техническая теплофизика и атомная энергетика 
300 |a Заглавие с экрана 
320 |a [Библиогр.: с. 119 (3 назв.)] 
337 |a Adobe Reader 
463 1 |0 (RuTPU)RU\TPU\conf\4555  |t Теплофизические основы энергетических технологий  |o сборник научных трудов IV Всероссийской научно-практической конференции с международным участием, 10-12 октября 2013 г., Томск  |f Национальный исследовательский Томский политехнический университет (ТПУ), Энергетический институт (ЭНИН) ; под ред. Кузнецова [и др.]  |v [С. 116-119]  |d 2013 
610 1 |a электронный ресурс 
610 1 |a труды учёных ТПУ 
610 1 |a тепловая эффективность 
610 1 |a турбоприводы 
610 1 |a паровые турбоприводы 
610 1 |a питательные насосы 
610 1 |a газотурбинные двигатели 
610 1 |a энергоблоки 
610 1 |a АЭС 
610 1 |a сверхкритическое давление 
700 1 |a Цибульский  |b С. А.  |c специалист в области энергетики  |c инженер Томского политехнического университета  |g Святослав Анатольевич  |3 (RuTPU)RU\TPU\pers\31865 
701 1 |a Галашов  |b Н. Н.  |c специалист в области энергетики  |c доцент Томского политехнического университета, кандидат технических наук  |f 1947-2025  |g Николай Никитович  |3 (RuTPU)RU\TPU\pers\25666  |9 11577 
712 0 2 |a Национальный исследовательский Томский политехнический университет (ТПУ)  |b Энергетический институт (ЭНИН)  |b Кафедра атомных и тепловых электростанций (АТЭС)  |3 (RuTPU)RU\TPU\col\18683 
801 1 |a RU  |b 63413507  |c 20101016 
801 2 |a RU  |b 63413507  |c 20220321  |g RCR 
856 4 |u http://earchive.tpu.ru/handle/11683/70166 
856 4 |u http://www.lib.tpu.ru/fulltext/c/2013/C02/029.pdf 
942 |c BK